000 00673nam a22001937a 4500
005 20231221103601.0
010 _aENG-138674
020 _a978935750359
_c249.00
035 _aEN-122206
037 _bDBAD/PUB
082 _a485
_21
100 _aGupta, R.K
_960095
245 _aComprehensive School Dictionary:
_bEnglish To English/
_cBy R.K Gupta
250 _a1
260 _aNew Delhi
_bLaxmi Publications(P) Ltd.
270 _a113, Golden House ,Gurudwara Road, Daryaganj
_bNew Delhi
_e110002
_minfo@laxmipublications.com
_k91-11-43532500
_k91-11-43532501
_l91-11-23252572
_l43532528
300 _axvi,872p.
_c24cm(pbk)
942 _2ddc
_cEN
_h485
_mGUP
999 _c199743
_d199743